000 01190cam a22002054a 4500
005 20250605164117.0
008 250528s ||||||||||||||||||||||||d
035 _a18128
020 _a880227303
040 _aGR-AtMCL
_bgre
_dGR-AtMCL
_eAACR2
245 1 _aWindows 3.1 / Βημα-Προς-Βημα
260 _bΓκιούρδας Μόσχος,
_c1992
300 _a616
520 _aΜάθετε μόνοι σας το Windows 3.1 βήμα προς βήμα. Εισαγωγή, Επισκόπηση του Windows, Εκκίνηση του Windows, Λειτουργώντας το Windows, Διαχείριση Αρχείων, Έλεγχος του Εκτυπωτή, Χρήση του Windows Write, Δημιουργία Μακροεντολών, Χρήση του Microsoft Draw, Χρήση του Microsoft Graph, Χρήση των Applets, Χρήση Πολυμέσων, Ολοκλήρωση Πολλαπλών Προγραμμάτων, Εγκατάσταση του Windows 3.1, Βοήθεια και Υποστήριξη και Πόροι, Ευρετήριο.
700 1 _aPerson Ron
_94419
700 1 _aRose Karen
_94420
942 _cBK
999 _c3511
_d3511